Nový rámec pre investičné služby v Európskej únii
Právny rámec paneurópskeho trhu kapitálu a finančných služieb. Formy podnikania s finančnými službami v zahraničí podľa smernice 93/22/EC. Transhraničné podnikanie investičných firiem v EÚ. Klíring a vyrovnanie obchodov a depozitárne služby. Poslanie nového rámca investičných služieb.
Gespeichert in:
| 1. Verfasser: | |
|---|---|
| Format: | Buchkapitel |
| Sprache: | Slowakisch |
| Schlagworte: | |
| Tags: |
Keine Tags, Fügen Sie das erste Tag hinzu!
|
MARC
| LEADER | 00000naa a2200000 4500 | ||
|---|---|---|---|
| 001 | r040442 | ||
| 005 | 20230720103053.7 | ||
| 041 | 0 | |a slo | |
| 044 | |a SK | ||
| 245 | 1 | 0 | |a Nový rámec pre investičné služby v Európskej únii |c Vladimír Baláž |
| 520 | |a Právny rámec paneurópskeho trhu kapitálu a finančných služieb. Formy podnikania s finančnými službami v zahraničí podľa smernice 93/22/EC. Transhraničné podnikanie investičných firiem v EÚ. Klíring a vyrovnanie obchodov a depozitárne služby. Poslanie nového rámca investičných služieb. | ||
| 610 | 2 | 0 | |a trh kapitálový |
| 610 | 2 | 0 | |a trh kapitálový medzinárodný |
| 610 | 2 | 0 | |a služby |
| 610 | 2 | 0 | |a investície |
| 610 | 2 | 0 | |a firmy |
| 610 | 2 | 0 | |a podnikanie medzinárodné |
| 610 | 2 | 0 | |a nástroje finančné |
| 610 | 2 | 0 | |a investori |
| 610 | 2 | 0 | |a Európska únia |
| 100 | 1 | |a Baláž, Vladimír | |